00607pab a2200181 454500008004000000100002000040245009000060260000900150300001300159362001200172650003600184650001500220700001800235773003900253909001000292999001700302952010600319180718b2002 xxu||||| |||| 00| 0 eng d aIyyampillai, S. aDeterminants of intensity of non-farm employment at household level in Tamil villages c2002 ap.24-34. aJul-Dec aEmployment - India - Tamil Nadu aEmployment aJayakumar, N. aPolitical Economy Journal of India a55470 c55470d55470 00104070aIIPAbIIPAd2018-07-19hVolume no: 11, Issue no: 3-4pAR55915r2018-07-19w2018-07-19yAR